Comment se faire des amis : 8 mots dans mots (mort subite) - Statistiques

Statistiques générales
  • Ce quiz a été pris 29 fois
  • Le résultat moyen est 6 sur 8
Answers on the Grid
Answers color-coded by a green-red scale on the quiz's grid according to % correct below.
Ultr---croscopique
Hypo---cemique
Thermodyn---cienne
Rem---ralisation
Nord-vietn---enne
Insem---trice
F---liariser
Demi-p---ionnaire
Epi---iologie
Décont---ner
Prem---es -nées
Vit---nothérapie
Hemis---erique
Belles-f---lles
Aérocont---nant
Semi-co---uctibilité
 
Statistiques - réponses
Réponse % Correct
Thermodyn---cienne
80%
Ultr---croscopique
80%
Belles-f---lles
76%
Nord-vietn---enne
76%
F---liariser
68%
Aérocont---nant
64%
Décont---ner
60%
Vit---nothérapie
52%
Aucun quiz correspondant
Distribution des résultats
% des personnes avec chaque résultat
Percentile par nombre de réponses
Votre historique - résultats
Vous n’avez pas pris ce quiz